00396nam a2200133Ia 4500008004100000020001500041041001200056082001100068100001500079245010100094260004300195300000800238650001600246221030s9999 xx 000 0 und d a0195681452 aEnglish a105.23 aF. M. Cady 0aMicrocontrollers & Microcomputers - Principles of Software & Hardware Engineeringcby F. M. Cady bOxfor University PressaNew Yorkc2007 a252 aBE Computer